Empatia v práci manažéra diplomová práca

Na minha lista:
Detalhes bibliográficos
Autor principal: Kučerková, Kristína
Autor Corporativo: Fakulta podnikového manažmentu EU. Katedra manažmentu
Outros Autores: Mišún, Juraj, 1978-
Formato: Livro
Idioma:eslovaco
Publicado em: Bratislava 2013
Tags: Adicionar Tag
Sem tags, seja o primeiro a adicionar uma tag!

MARC

LEADER 00000nbm a2200000 4500
001 0170921
005 20161109102418.9
041 0 |a slo 
044 |a SK 
245 1 0 |a Empatia v práci manažéra  |b diplomová práca  |c Kristína Kučerková ; školiteľ: Juraj Mišún 
264 1 |a Bratislava  |c 2013 
300 |a 75 s. 
100 1 |a Kučerková, Kristína 
700 1 |a Mišún, Juraj, 1978- 
710 2 |a Fakulta podnikového manažmentu EU. Katedra manažmentu